| 000 | 00648nac a22002051u 4500 | ||
|---|---|---|---|
| 010 | _a 87160550 | ||
| 020 | _a1850913153 : | ||
| 082 | 0 | 0 |
_a658.404 _bAND |
| 090 |
_c5356 _d5356 |
||
| 100 | _a20080729 | ||
| 245 | 0 | 0 |
_aGoal directed project management / _cErling S. Andersen ... [et al.]. |
| 260 |
_aLondon : _bKogan Page/Coopers & Lybrand,1987 _c1987. |
||
| 300 |
_a196 p. : _bill. ; _c25 cm. |
||
| 500 | _aIncludes index. | ||
| 500 | _adistributer: Al-Ahram | ||
| 511 | _acatalogued by: wessam | ||
| 650 | 0 | _aProject management. | |
| 700 | 1 | _aAndersen, Erling S. | |
| 942 |
_cBB _k658.404AND |
||
| 999 |
_c5356 _d5356 |
||